banner-ar

البرنامج MICROSOFT OFFICE للنظام WINDOWS خطوة خطوة يعتمد المفردات العربية الرسمية لمايكروسوفت يضم هذا الكتاب ترجمة الاصل الانجليزى MICROSOFT OFFICE FOR WINDOWS STOP by stop / (Record no. 40972)

MARC details
000 -الفاتح
حقل البيانات ثابتة الطول 00853nam a2200205Ia 4500
008 - عناصر البيانات ثابتة الطول - معلومات عامة
حقل البيانات ثابتة الطول 140319s9999 xx 000 0 ara d
040 ## - مصدر الفهرسة
وكالة الفهرسة الأصلية GCL /
وكالة النسخ GCL
082 04 - رقم تصنيف ديوى العشرى
رقم التصنيف 001.6424
رقم المادة م ب
100 1# - المدخل الرئيسى - إسم شخصى
الإسم الشخصى مركز التعريب والترجمة
245 10 - بيان العنوان
العنوان البرنامج MICROSOFT OFFICE للنظام WINDOWS خطوة خطوة يعتمد المفردات العربية الرسمية لمايكروسوفت يضم هذا الكتاب ترجمة الاصل الانجليزى MICROSOFT OFFICE FOR WINDOWS STOP by stop /
بيان المسئوليه,etc مركز التعريب والترجمة
300 ## - الوصف المادى
التعداد 327 ص
490 ## - بيان السلسلة
عنوان السلسلة
650 04 - المدخل الاضافى بالموضوع-مصطلح موضوعى
مصطلح موضوعي الحاسبات الالكترونية
650 04 - المدخل الاضافى بالموضوع-مصطلح موضوعى
مصطلح موضوعي ويندوز
650 04 - المدخل الاضافى بالموضوع-مصطلح موضوعى
مصطلح موضوعي البرامج
650 04 - المدخل الاضافى بالموضوع-مصطلح موضوعى
مصطلح موضوعي مايكروسوفت
650 04 - المدخل الاضافى بالموضوع-مصطلح موضوعى
مصطلح موضوعي الحاسبات الالكترونية - برامج
942 ## - عناصر المدخل الإضافي( كوها)
مصدر التصنيف او مخطط الترفيف Dewey Decimal Classification
Koha [default] item type كتاب
Holdings
حالة التراجع حالة الفقد حالة تلف ليس للاعارة المكان المؤقت الموقع الحالى تاريخ الاكتساب اجمالي اﻻعارات رقم الطلب الباركود تاريخ اخر مشاهدة تاريخ تفعيل السعر نوع وعاء كوها
        مكتبة القاهرة الكبرى مكتبة القاهرة الكبرى 03/26/2014   001.6424\م ب 98839 03/26/2014 03/26/2014 كتاب
        مكتبة القاهرة الكبرى مكتبة القاهرة الكبرى 03/26/2014   001.6424\م ب 98840 03/26/2014 03/26/2014 كتاب
        مكتبة القاهرة الكبرى مكتبة القاهرة الكبرى 03/26/2014   001.6424\م ب 98841 03/26/2014 03/26/2014 كتاب

Powered By

EGPV